书目信息 |
| 题名: |
射线检验培训教材
|
|
| 作者: | ;《射线检验培训教材》编写组 编 | |
| 分册: | ||
| 出版信息: | 北京 水利电力出版社 1983 |
|
| 页数: | 251页 | |
| 开本: | 19cm | |
| 丛书名: | ||
| 单 册: | ||
| 中图分类: | TG441.7 | |
| 科图分类: | ||
| 主题词: | 射线检验--教材 | |
| 电子资源: | ||
| ISBN: | ||
| 000 | 00755nam0 2200229 45 | |
| 001 | 0183000242 | |
| 005 | 20060512103427.20 | |
| 010 | @dCNY0.70 | |
| 091 | @a15143.5110 | |
| 100 | @a19950424d1983 em y0chiy0121 ea | |
| 101 | 0 | @achi |
| 102 | @aCN@b110000 | |
| 105 | @ay z 000yy | |
| 200 | 10 | @a射线检验培训教材@Ashe xian jian yan pei xun jiao cai@f《射线检验培训教材》编写组编@F《she xian jian yan pei xun jiao cai》bian xie zu bian |
| 210 | @a北京@c水利电力出版社@d1983 | |
| 215 | @a251页@d19cm | |
| 606 | @a射线检验@x教材 | |
| 690 | @aTG441.7@v3 | |
| 711 | 0 | @a《射线检验培训教材》编写组@A《she xian jian yan pei xun jiao cai》bian xie zu@4编 |
| 801 | 2 | @aCN@bNLC@c20060512 |
| 801 | 0 | @aCN@b上海图书馆@c20040521 |
| 905 | @f1@b149099@dTG441.7@e5 | |
| 射线检验培训教材/《射线检验培训教材》编写组编.-北京:水利电力出版社,1983 |
| 251页;19cm |
| ISBN :CNY0.70 |
| ● |
| 相关链接 |
|
|
|
|
正题名:射线检验培训教材
索取号:TG441.7/5
 
预约/预借
| 序号 | 登录号 | 条形码 | 馆藏地/架位号 | 状态 | 备注 |
| 1 | 0149099 | 001363045 | 第三借阅区/ [索取号:TG441.7/5] | 在馆 | |
| 2 | 0149100 | 202323164 | 密集书库/ [索取号:TG441.7/5] | 在馆 | |
| 3 | 0149101 | 202323137 | 密集书库/ [索取号:TG441.7/5] | 在馆 | |
| 4 | 0149102 | 202323128 | 密集书库/ [索取号:TG441.7/5] | 在馆 | |
| 5 | 0149103 | 001363081 | 第二样本阅览室/ [索取号:TG441.7/5] | 在馆 |